Jusqu'où irez vous ? #12 (Culture Générale) - Statistiques

Statistiques générales
  • Ce quiz a été pris 223 fois
  • Le résultat moyen est 13 sur 40
Statistiques - réponses
Hint Réponse % Correct
Le nombre de secondes dans une minute 60
100%
Entier naturel qui suit 76 et qui précède 78 77
100%
Le nombre de vers composant un seizain 16
99%
Septante en Suisse, en Belgique, en Vallée d'Aoste et en français de Jersey 70
99%
Noventa e cinco en portugais 95
95%
La valeur de la racine carrée de 900 30
85%
LXII 62
77%
Le nombre de jours que comporte février dans une année bissextile 29
76%
Le nombre de semaines COMPLETES dans une année commune (peu importe le jour de début et le jour de fin) 52
69%
Le numéro du département français de l'Aisne = ?? 02
59%
La distance à parcourir lors d'un marathon : ??,195 km 42
56%
Le nombre présent dans le pseudo de celui qui a fait ce quiz 53
56%
Magazine d'information de la chaîne de télévision M6 (depuis 2006) : ?? Minutes 66
43%
Le nombre total de points (valeur cumulée) sur un dé cubique standard 21
41%
Nombre indiquant la contenance en centilitres d'une canette de format standard et également l'âge supposé du Christ lors de sa crucifixion (les deux sont contestables selon les sources mais ces 2 indications renvoient au même nombre) 33
39%
Considéré comme un nombre malchanceux de courses par certains joueurs de cricket, parce qu'il est la différence de 100 et 13 87
38%
Le nom de la série de bande dessinée belge, initialement dessinée par William Vance sur un scénario de Jean Van Hamme (habituellement écrite en chiffres romains mais ce sont des chiffres arabes demandés) 13
31%
Le numéro du département français du Lot 46
27%
Ne pas prêter d'importance à quelque chose = S'en foutre comme de l’an ?? 40
19%
Jeu télévisé belge présenté par Jean-Michel Zecca sur RTL-TVI. Le but du candidat est d'éliminer les 70 personnes du public à l'aide de dix questions de son choix auxquelles lui-même et le public devront répondre 71
13%
Aux échecs, la quantité totale de carrés noirs sur l'échiquier 32
11%
Le nombre d'emplacements de la roulette européenne 37
9%
L’âge limite des cardinaux pour voter lors d'une élection papale dans un conclave 80
7%
Approximativement, le nombre de jours (au total) dans deux mois lunaires 59
5%
Dernier roman de Victor Hugo qui s'appelle en référence à l'année 17?? (la première année de la Terreur) dont il relate certains évènements romancés 93
4%
Premier album de la chanteuse Adele paru en 2008 19
3%
Roman écrit par l'écrivain roumain Virgil Gheorghiu, publié en 1949 : La ?? ème Heure 25
3%
La catastrophe nucléaire de Tchernobyl est un accident nucléaire majeur survenu le 26 avril 1986 à 1 h 23 min ?? s 45
3%
Numéro de Robert Parish durant sa carrière NBA (1611 matchs) 00
2%
Le nombre de régions constituant la France métropolitaine entre 1956 et 2015 22
2%
Paroles de That’s my people du groupe de rap NTM On est des fous bloqués dans des cages d'escaliersPris en otage par le nombre élevé de paliers Et à la longue, mec, j't'assure, tout ça, ça pèse ??, je vois toujours des braises allumées 96
2%
Décrit au Massachusetts Institute of Technology (MIT) comme « le plus petit nombre aléatoire », en accord avec le jargon des hackers 17
1%
Terme d'argot anglo-saxon utilisé au football pour désigner la surface de réparation : La « ??-yard zone » 18
1%
La dénomination du dollar américain où figure le portrait d'Andrew Jackson 20
1%
L'icosikaitrikosioiphobie est la phobie du nombre ?? 23
1%
Film d'horreur américain de genre « slasher » écrit et réalisé par Rob Zombie, sorti en 2016 31
1%
Troisième épisode de la saison 5 de Breaking Bad diffusé en 2012 51
1%
Le numéro de l'Élysée, situé au no ?? rue du Faubourg-Saint-Honoré à Paris 55
1%
1000000 en système binaire 64
1%
Peut désigner les « Hells Angels » (groupe de motards hors-la-loi, actif dans le monde entier) 81
1%
Aucun quiz correspondant
Distribution des résultats
% des personnes avec chaque résultat
Percentile par nombre de réponses
Votre historique - résultats
Vous n’avez pas pris ce quiz